Word scramble Quiz Stats

 Plays Quiz not verified by Sporcle

Challenge
Share
Tweet
Embed
Score 0/10 Timer 06:00
0 Plays Today
Scrambled word Unscrambled word % Correct
eienccsScience
95.8%
dwrlo saaltworld atlas
83.3%
epolrscsporcle
79.2%
doberbored
68.8%
gnnciaddancing
62.5%
ecirutppicture
56.3%
gnnipiatpainting
54.2%
ssssalgunesunglasses
35.4%
rotcclaaulcalculator
27.1%
iieuoclsddelicious
12.5%

You're not logged in!

Compare scores with friends on all Sporcle quizzes.
Join for Free
OR
Log In

You Might Also Like...

Show Comments

Extras

Created Jan 27, 2011ReportNominate
Tags:Mixed Word Quiz, scramble

Top Quizzes Today


Score Distribution

Your Account Isn't Verified!

In order to create a playlist on Sporcle, you need to verify the email address you used during registration. Go to your Sporcle Settings to finish the process.

Report this User

Report this user for behavior that violates our Community Guidelines.

Details: